01097 2200349 4500001002100000005001500021035002000036007000300056008004100059020002200100082001700122084001900139100003900158245012900197250002900326300004800355500001100403650003200414700002900446504003300475264003400508336002100542337003000563338002300593040002200616090002300638090002200661850001200683041000800695999002200703990002200725INLIS00000000084497520190717032505 a0010-0319000498ta190327s2018 yoia g 1 | ind d a978-602-5610-38-704223a915.9851 a915.9851 IGU m0 aI Gusti Bagus Rai UtamaePengarang1 aMelirik potensi dan kekuatan wisatawan lanjut usia :bdi Bali Indonesia /cI Gusti Bagus Rai Utama; editor, Alviana Cahyanti aCetakan I, Februari 2018 aviii, 130 halaman :bgambar, tabel ;c24 cm aindeks 4aIndustri pariwisata--zBali0 aAlviana CahyantieEditor aBibliografi: halaman 113-122 aBantul :bSamudra Biru,c2018 2rdacontentateks 2rdamediaatanpa perantara 2rdacarrieravolume aYOPDYOGbinderda aDEP 915.9851 IGU m aCB-D.11 2018-1004 aYOPDYOG0 aind aCB-D.11/2018-1004 aCB-D.11/2018-1004